01040nas a2200265Ia 4500001001100000003000900011008004100020040001300061040001300074041001300087100004600100210002500146222002500171245010200196250001100298260002800309501008600337300001700423362002500440500016100465650005300626700002100679700002100700700005300721R503/83308IT-RoPAU151124c99999999xx |||||||||||| ||und|| aIT-RoPAU cIT-RoPAU aITALIANO aHeyer Steven J.gCodice Aut. SPICS: 52929 aMARKETING ESPANSIONE aMarketing Espansione aMARKETING ESPANSIONE, N.37 (NOVEMBRE 1989)bSi Chiama Approccio Team la Frontiera Della Strategia a1a ed. aMILANObMONDADORIc1989 bPaulus - SPICS - Società San Paolo EM (non-commercial uses only)cCopyright2015 a5 p. [33-37] aN.37 (NOVEMBRE 1989) aE' una Tecnica per L'Applicazione dei Modelli di Management. Aiuta a Evitare le Trappole del Passaggio Dalla Teoria All'Azione. Integrazione. Bilanciamento. aPUBBLICITA' - MARKETINGvPUBBLICAZIONE PERIODICA aMarcus Daniel H. aVan Lee Reginald gCodice Aut. SPICS: 52930Codice Aut. SPICS: 52931